00424nam a2200109Ia 4500008004100000100003400041245010900075260003000184300001800214650001400232856006800246160712s9999 xx 000 0 und d aGaston-Dousel, Edmalyn Grace. cEdmalyn Grace - Gaston-Dousel,Rosario I. AlonzoaInterfacing Theology, Culture, and the English Language c2011bEducation Quarterly avol. 69 no. 1 xEDUCATION uhttp://journals.upd.edu.ph/index.php/edq/article/view/2904/2678